<?xml version="1.0" encoding="UTF-8"?><?xml-stylesheet type="text/xsl" href="static/style.xsl"?><OAI-PMH xmlns="http://www.openarchives.org/OAI/2.0/" xmlns:xsi="http://www.w3.org/2001/XMLSchema-instance" xsi:schemaLocation="http://www.openarchives.org/OAI/2.0/ http://www.openarchives.org/OAI/2.0/OAI-PMH.xsd"><responseDate>2026-04-14T07:22:04Z</responseDate><request verb="GetRecord" identifier="oai:www.recercat.cat:10230/41986" metadataPrefix="marc">https://recercat.cat/oai/request</request><GetRecord><record><header><identifier>oai:recercat.cat:10230/41986</identifier><datestamp>2025-12-20T16:41:50Z</datestamp><setSpec>com_2072_6</setSpec><setSpec>col_2072_452952</setSpec></header><metadata><record xmlns="http://www.loc.gov/MARC21/slim" xmlns:dcterms="http://purl.org/dc/terms/" xmlns:xsi="http://www.w3.org/2001/XMLSchema-instance" xmlns:doc="http://www.lyncode.com/xoai" xsi:schemaLocation="http://www.loc.gov/MARC21/slim http://www.loc.gov/standards/marcxml/schema/MARC21slim.xsd">
   <leader>00925njm 22002777a 4500</leader>
   <datafield ind2=" " ind1=" " tag="042">
      <subfield code="a">dc</subfield>
   </datafield>
   <datafield ind2=" " ind1=" " tag="720">
      <subfield code="a">Fernandez Julià, Carles, 1984-</subfield>
      <subfield code="e">author</subfield>
   </datafield>
   <datafield ind2=" " ind1=" " tag="720">
      <subfield code="a">Jordà Puig, Sergi</subfield>
      <subfield code="e">author</subfield>
   </datafield>
   <datafield ind2=" " ind1=" " tag="260">
      <subfield code="c">2019-07-11T16:07:40Z</subfield>
   </datafield>
   <datafield ind2=" " ind1=" " tag="260">
      <subfield code="c">2019-07-11T16:07:40Z</subfield>
   </datafield>
   <datafield ind2=" " ind1=" " tag="260">
      <subfield code="c">2015</subfield>
   </datafield>
   <datafield ind2=" " ind1=" " tag="520">
      <subfield code="a">Shareable interfaces, those that can be interacted simultaneously by several users, are a common tool used both in CSCW research and in real world applications. They tend however to lack a capability that has been traditionally relevant to the usefulness of computing systems: multi-tasking. In this paper we explain why a combination of the multi-user features of shareable interfaces and the multi-tasking capabilities of general-purpose computing, could be relevant for building useful systems, and why these features are not present today in most of the current prototypes and systems. We also discuss possible approaches for solving the problems that prevent shareable interfaces to fully support multi-tasking, and we present a novel approach based on a distributed, application-centered, content-based gesture disambiguation. We describe how an already existing framework, GestureAgents, implements this new approach, focusing on expanding the description of the relevant elements related to this problem, and conclude with some example applications and a discussion.</subfield>
   </datafield>
   <datafield ind2=" " ind1=" " tag="520">
      <subfield code="a">The research leading to these results has received funding from the European Union Seventh Framework Programme FP7 / 2007–2013 through PHENICX project under grant agreement n° 601166.</subfield>
   </datafield>
   <datafield tag="653" ind2=" " ind1=" ">
      <subfield code="a">Concurrent interaction</subfield>
   </datafield>
   <datafield tag="653" ind2=" " ind1=" ">
      <subfield code="a">Multi-user</subfield>
   </datafield>
   <datafield tag="653" ind2=" " ind1=" ">
      <subfield code="a">Shareable interfaces</subfield>
   </datafield>
   <datafield tag="653" ind2=" " ind1=" ">
      <subfield code="a">Multi-tasking</subfield>
   </datafield>
   <datafield tag="653" ind2=" " ind1=" ">
      <subfield code="a">Agent exclusivity</subfield>
   </datafield>
   <datafield ind2="0" ind1="0" tag="245">
      <subfield code="a">Towards concurrent multi-tasking in shareable interfaces</subfield>
   </datafield>
</record></metadata></record></GetRecord></OAI-PMH>